Praktická mechanika /

Hlavní autor: Krutina, Jaroslav
Jazyk: Slovenština
Vydáno: Bratislava : Práca, 1952
Edice: Odborné príručky Práce
Fyzický popis: 139 s.
Knihy
Uloženo v:
LEADER 00658nam a22002172a 4500
001 001464271
003 CZ BrMZK
005 20151002090401.0
007 ta
008 150402s1952 xo er|||||||||||slo d
040 |a OLA001  |b cze  |d BOA001 
100 1 |a Krutina, Jaroslav  |7 jk01063603  |4 aut 
245 1 0 |a Praktická mechanika /  |c Jaroslav Krutina 
260 |a Bratislava :  |b Práca,  |c 1952 
300 |a 139 s. 
490 1 |a Odborné príručky Práce ;  |v sv. 40 
830 0 |a Odborné príručky Práce 
910 |a BOA001  |b 2-0299.970 
990 |a BK 
991 |b 201503 
996 7 |b 2618833154  |c 2-0299.970  |l MZK  |r Sklad / do 24 hodin  |n 0  |w 001499290  |u 000010  |a 1  |e BOA001  |j MZK50  |s A